000 00655nam a2200205 a 4500
005 20140412111229.0
008 011009s19uu xx 00 eng d
020 _a0-394-87332-7
050 _aER
_bBe35To 1986
100 _aBerenstain, Stan
245 _aBerenstain Bears (The) / :
_cStan & Jan Berenstain.
_band Too much birthday /
260 _aNew York :
_bRandom House,
_c1986.
300 _a1 v. (unp.) ; ill.
440 _aA First Time Book
520 _aSister Bear is distressed that thigns don't go quite at ther brithday party.
650 _aBears-Fiction
650 _aBirthdays-Fiction
650 _aParties-Fiction
999 _c102126
_d102126